| 000 | 01468cam a22003855a 4500 | ||
|---|---|---|---|
| 001 | 14626546 | ||
| 003 | PILC | ||
| 005 | 20160114104616.0 | ||
| 008 | 061107s2007 maua c 000 1 eng | ||
| 010 | _a 2006051835 | ||
| 020 | _a9780763633301 (hdbk. : alk. paper) | ||
| 020 | _a0763633305 (hdbk. : alk. paper) | ||
| 040 |
_aDLC _cDLC _dDLC |
||
| 042 | _alcac | ||
| 050 | 0 | 0 |
_aPZ 7 _b.K4842Em 2007 |
| 082 | 0 | 0 |
_aFIC K48 _b2007 |
| 100 | 1 |
_aKessler, Liz. _920644 |
|
| 245 | 1 | 0 |
_aEmily windsnap and the castle in the mist _cLiz Kessler ; illustrated by Natacha Ledwidge. |
| 246 | 3 | _aCastle in the mist | |
| 250 | _a1st U.S. ed. | ||
| 260 |
_aCambridge, MA : _bCandlewick Press, _cc2007. |
||
| 300 |
_a203 p. : _bill. ; _c20 cm. |
||
| 650 | 1 |
_aMermaids _vFiction. _920645 |
|
| 650 | 1 |
_aRings _vFiction. _920646 |
|
| 650 | 1 |
_aBlessing and cursing _vFiction. _920647 |
|
| 650 | 1 |
_aFriendship _vFiction. _920648 |
|
| 650 | 1 |
_aNeptune (Roman deity) _vFiction. _920649 |
|
| 700 | 1 |
_aLedwidge, Natacha, _eill. _920650 |
|
| 856 | 4 | 2 |
_3Contributor biographical information _uhttp://www.loc.gov/catdir/enhancements/fy0704/2006051835-b.html |
| 856 | 4 | 2 |
_3Publisher description _uhttp://www.loc.gov/catdir/enhancements/fy0704/2006051835-d.html |
| 906 |
_a7 _bcbc _corignew _d1 _eocip _f20 _gy-gencatlg |
||
| 942 |
_2lcc _cBK |
||
| 999 |
_c11573 _d11573 |
||